Normal view
MARC view
Entry Personal Name
001 - CONTROL NUMBER
- control field: 960
003 - CONTROL NUMBER IDENTIFIER
- control field: OSt
005 - DATE AND TIME OF LATEST TRANSACTION
- control field: 20211105132206.0
008 - FIXED-LENGTH DATA ELEMENTS
- fixed length control field: 211105|| aca||aabn | a|a d
040 ## - CATALOGING SOURCE
- Original cataloging agency: OSt
- Transcribing agency: OSt
100 ## - HEADING--PERSONAL NAME
- Personal name: Lyons, H. G
670 ## - SOURCE DATA FOUND
- Source citation: Work cat.: (OSt): Lyons, H. G., British (Terra Nova) antarctic expedition 1910-13, 1924